Biggest Cities in U.S. by Letters Number - Statistics

General Stats
  • This quiz has been taken 62 times
  • The average score is 30 of 60
Answer Stats
Letter Biggest % Correct
7 Chicago
100%
7 New York
98%
6 Dallas
96%
10 Los Angeles
96%
12 Philadelphia
96%
8 San Diego
94%
12 San Francisco
94%
6 Boston
92%
7 Houston
90%
5 Miami
88%
7 Phoenix
88%
7 San Jose
88%
12 Jacksonville
86%
6 Denver
82%
8 Portland
78%
10 San Antonio
78%
6 Austin
76%
8 Columbus
73%
12 Indianapolis
71%
9 Charlotte
69%
9 Baltimore
67%
5 Tampa
67%
10 Washington
67%
11 Minneapolis
65%
8 Oklahoma
65%
9 Fort Worth
61%
9 Nashville
61%
8 Las Vegas
59%
6 El Paso
57%
9 Milwaukee
53%
10 Sacramento
53%
13 Virginia Beach
53%
10 Louisville
49%
5 Omaha
49%
5 Tulsa
49%
11 Albuquerque
47%
4 Reno
39%
4 Mesa
37%
15 Colorado Springs
35%
11 Bakersfield
22%
11 Grand Rapids
20%
12 Winston-Salem
20%
13 San Bernardino
18%
15 Huntington Beach
14%
14 Saint Petersburg
14%
4 Waco
14%
13 Corpus Christi
12%
5 Plano
10%
11 Tallahassee
10%
14 Fort Lauderdale
8%
4 Kent
8%
4 Cary
6%
13 North Las Vegas
6%
14 College Station
4%
14 Port Saint Lucie
4%
15 Rancho Cucamonga
4%
15 North Charleston
2%
13 Pembroke Pines
2%
14 Deerfield Beach
0%
15 Sterling Heights
0%
No matching quizzes found
Score Distribution
Percent of People with Each Score
Percentile by Number Answered
Your Score History
You have not taken this quiz